00467nam a2200157Ia 4500003000400000005001700004008004100021020001800062040000900080100002300089245006300112260001600175942001200191999001700203952008900220OSt20231219104923.0170523s9999 xx 000 0 und d a9788126518333 cIIMT aSaunders- Simon R. 0aAntennas and Propagation for WirelessCommunication Systems aWiley India 2ddcc02 c12345d12345 00102ddc4070a01b01d2017-05-29oRp01-B-119971r2017-05-29w2017-05-29y06znil